| 000 | 00448nam a2200193Ia 4500 | ||
|---|---|---|---|
| 001 | 13451 | ||
| 003 | GE_BSU | ||
| 008 | 181216s||||||||xx |||||||||||||| ||und|| | ||
| 020 | _a9781846942259 | ||
| 040 | _cGE_BSU | ||
| 080 | _a821.35 | ||
| 100 | _aBerman,Michael | ||
| 245 | _aShamanic Journeys.Through Dagestan | ||
| 260 | _aWashington | ||
| 260 | _c2009 | ||
| 300 | _a140p.20cm. | ||
| 653 | _aShamanic Journeys.Through Dagestan | ||
| 942 | _cBK | ||
| 999 |
_c46611 _d46611 |
||